01490pam a2200457 ia4500001001400000003000400014005001700018008004100035015001400076020002300090020002800113039009400141040002900235049000800264082001200272090001600284100003600300245005100336264007000387300004900457336002100506337002500527338002300552490003200575504002600607610001000633651002900643651002000672651003600692651003200728651003600760651002500796651004100821651003700862651004100899830003200940942001100972949001500983949001500998999001901013vtls000768163PNM20201112114708.0150414s2016 my o g 000 0 may  aM16-01262 a9789670834085qset a9789670834092qhardback 9a201606211147banis_oc201605031721dshamc201601211221drasidahc201504161139dnorhidayah aBNMbengcBNMerdadPPAK amal04a95922300a959bMARdK0 aMaruwiah Ahmat,d1968-eauthor.10aBRUNEI DARUSSALAM & FILIPINA /cMARUWIAH AHMAT 1aSeri Kembangan, Selangor :bPUSTAKA DASAR JAYA SDN. BHD.,c[2016] avi, 98 pages :bcolour photographs ;c31 cm. atext2rdacontent aunmediated2rdamedia avolume2rdacarrier1 aSIRI INFO ASAS NEGARA ASEAN aBibliography: page 9820aASEAN 0aSoutheast AsiaxHistory. 0aBruneixHistory 0aBruneixPolitics and government 0aBruneixEconomic conditions 0aBruneixSocial life and customs 0aPhilippinesxHistory 0aPhilippinesxPolitics and government 0aPhilippinesxEconomic conditions 0aPhilippinesxSocial life and customs 0aSiri info asas negara ASEAN 2ddccB 62000503593 62000503594 c179849d179849